Xenofobia
Guardado en:
| Format: | Texto |
|---|---|
| Sprog: | Spanish |
| Fag: | |
| Tags: |
Tilføj Tag
Ingen Tags, Vær først til at tagge denne postø!
|
MARC
| LEADER | 00000 a a2200000 04500 | ||
|---|---|---|---|
| 001 | 160 | ||
| 003 | cru CIDCACS/IIS | ||
| 005 | 20190903153637.0 | ||
| 008 | 190903b ||||| |||| 00| 0 spa d | ||
| 999 | |c 42312 |d 42312 | ||
| 040 | |c cru CIDCACS/IIS | ||
| 245 | 0 | |a Xenofobia | |
| 300 | |a páginas 6-8 | ||
| 650 | 0 | |a XENOFOBIA |9 1034 | |
| 650 | 0 | |a DISCRIMINACION ETNICA |9 8499 | |
| 650 | 0 | |a INMIGRANTES |9 9 | |
| 651 | 0 | |9 1095 |a VENEZUELA | |
| 942 | |2 ddc |c PP | ||
| 773 | 0 | |0 42310 |9 3160 |a Centro de Estudios Pastoral y Asistencia Migratoria (CEPAM) |d s.l.: CEPAM |o 04939 |t Acontecer Migratorio / |w (cru CIDCACS/IIS)153 | |
